¿Más o menos desiguales? (Registro nro. 34752)

Detalles MARC
000 -LEADER
fixed length control field 00332 a2200121 4500
001 - CONTROL NUMBER
control field ART_46672
005 - DATE AND TIME OF LATEST TRANSACTION
control field 20260410162039.0
008 - FIXED-LENGTH DATA ELEMENTS--GENERAL INFORMATION
fixed length control field 260409a
100 1# - MAIN ENTRY--PERSONAL NAME
Personal name Amarante, Verónica
245 10 - TITLE STATEMENT
Title ¿Más o menos desiguales?
700 1# - ADDED ENTRY--PERSONAL NAME
Personal name Colacce, Maira
773 0# - HOST ITEM ENTRY
Title Revista Cepal
Related parts - Nº 124 (abr. 2018)
Record control number REV45125

No hay ítems disponibles.